[Event "Valasska Bystrice op"]
[Site "Valasska Bystrice"]
[Date "2023.09.15"]
[Round "8"]
[White "Rezny, Frantisek"]
[Black "Fuksa, Josef"]
[Result "1-0"]
[WhiteElo "1464"]
[BlackElo "1255"]
[PlyCount "71"]
[EventDate "2023.09.09"]
[EventType "swiss"]
[EventRounds "9"]
[EventCountry "CZE"]
[SourceTitle "EXT 2024"]
[Source "ChessBase"]
[SourceDate "2023.10.10"]
[SourceVersion "1"]
[SourceVersionDate "2023.10.10"]
[SourceQuality "1"]

1. e4 c6 2. Nf3 d5 3. exd5 cxd5 4. d4 Nf6 5. Be2 Nc6 6. 0-0 e6 7. Bf4 Be7 8. Nc3 a6 9. a4 0-0 10. Na2 Qb6 11. Rb1 Nb4 12. Nc1 Ne8 13. c3 Nc6 14. Qd3 Qd8 15. Bd1 f5 16. Re1 g6 17. b4 Ng7 18. b5 Na5 19. b6 Nc4 20. Bc7 Qe8 21. Bb3 Bd6 22. Bxc4 Bxc7 23. Bxd5 Bd6 24. a5 Rb8 25. Nb3 Kh8 26. Re2 Qf7 27. Bc4 Bd7 28. Rbe1 Rfe8 29. Ng5 Qf6 30. h4 h6 31. Nf3 Re7 32. Nc5 Bxc5 33. dxc5 Bc6 34. Ne5 Be4 35. Qg3 Rc8 36. Nxg6+ 1-0

[Event "Valasska Bystrice op"]
[Site "Valasska Bystrice"]
[Date "2023.09.11"]
[Round "4"]
[White "Smutek, Jiri"]
[Black "Rezny, Frantisek"]
[Result "1/2-1/2"]
[WhiteElo "1608"]
[BlackElo "1464"]
[PlyCount "57"]
[EventDate "2023.09.09"]
[EventType "swiss"]
[EventRounds "9"]
[EventCountry "CZE"]
[SourceTitle "EXT 2024"]
[Source "ChessBase"]
[SourceDate "2023.10.10"]
[SourceVersion "1"]
[SourceVersionDate "2023.10.10"]
[SourceQuality "1"]

1. e4 e5 2. Nf3 Nc6 3. Bc4 Be7 4. 0-0 d6 5. Nc3 Nf6 6. d4 0-0 7. d5 Nb8 8. h3 c6 9. Ng5 b5 10. Bb3 b4 11. Ne2 Nxd5 12. Nxf7 Rxf7 13. Bxd5 cxd5 14. Qxd5 Qc7 15. f4 Bb7 16. Qb3 Bf6 17. fxe5 dxe5 18. Qxb4 Na6 19. Qa3 Raf8 20. Be3 Qxc2 21. Nc3 Qd3 22. Bxa7 Be7 23. Qb3 Bxe4 24. Rad1 Bc5+ 25. Bxc5 Nxc5 26. Rxd3 Nxb3 27. Rxf7 Bxd3 28. Rxf8+ Kxf8 29. axb3 1/2-1/2

[Event "Klatovy op-C 29th"]
[Site "Klatovy"]
[Date "2023.07.06"]
[Round "6"]
[White "Rezny, Frantisek"]
[Black "Novotny, Jaromir"]
[Result "1-0"]
[WhiteElo "1476"]
[BlackElo "1681"]
[PlyCount "73"]
[EventDate "2023.07.01"]
[EventType "swiss"]
[EventRounds "9"]
[EventCountry "CZE"]
[SourceTitle "CBM 215 Extra"]
[Source "ChessBase"]
[SourceDate "2023.09.30"]
[SourceVersion "1"]
[SourceVersionDate "2023.09.30"]
[SourceQuality "1"]

1. e4 d5 2. exd5 Nf6 3. Bb5+ Nbd7 4. c4 e6 5. dxe6 fxe6 6. d4 c6 7. Ba4 Nb6 8. Bb3 Be7 9. Qe2 0-0 10. Nf3 Bb4+ 11. Bd2 Bxd2+ 12. Nbxd2 Qc7 13. 0-0 Bd7 14. a4 Rae8 15. a5 Na8 16. Rfe1 Qc8 17. c5 Nc7 18. Nc4 Qb8 19. Nd6 Rd8 20. Qd2 Ncd5 21. Ng5 Ne8 22. Qd3 Ndf6 23. Bxe6+ Bxe6 24. Nxe6 Nxd6 25. cxd6 Qxd6 26. Nxd8 Rxd8 27. Qb3+ Kh8 28. Qxb7 Qxd4 29. Qxc6 h6 30. Qc2 Rf8 31. Rad1 Qh4 32. f3 Nd5 33. Re4 Nf4 34. g3 Qg5 35. Rde1 Qg6 36. Qb1 Kh7 37. Rxf4 1-0

[Event "Klatovy op-C 29th"]
[Site "Klatovy"]
[Date "2023.07.05"]
[Round "5"]
[White "Rezny, Frantisek"]
[Black "Cecil, Pavel"]
[Result "0-1"]
[WhiteElo "1476"]
[BlackElo "1845"]
[PlyCount "44"]
[EventDate "2023.07.01"]
[EventType "swiss"]
[EventRounds "9"]
[EventCountry "CZE"]
[SourceTitle "CBM 215 Extra"]
[Source "ChessBase"]
[SourceDate "2023.09.30"]
[SourceVersion "1"]
[SourceVersionDate "2023.09.30"]
[SourceQuality "1"]

1. e4 e6 2. d4 d5 3. exd5 exd5 4. Nf3 Bd6 5. Nc3 c6 6. Be2 Ne7 7. 0-0 0-0 8. Bg5 f6 9. Bh4 Bf5 10. Re1 Re8 11. Bd3 Bg6 12. Re2 Nd7 13. Bxg6 Nxg6 14. Bg3 Bxg3 15. hxg3 Kf7 16. Qd3 Rxe2 17. Nxe2 Qc7 18. Qf5 h6 19. Qh5 Ndf8 20. Re1 Kg8 21. c3 Qf7 22. Nh4 Nxh4 0-1

[Event "Klatovy op-C 29th"]
[Site "Klatovy"]
[Date "2023.07.03"]
[Round "3"]
[White "Macho, Miloslav"]
[Black "Rezny, Frantisek"]
[Result "1-0"]
[WhiteElo "1705"]
[BlackElo "1476"]
[PlyCount "42"]
[EventDate "2023.07.01"]
[EventType "swiss"]
[EventRounds "9"]
[EventCountry "CZE"]
[SourceTitle "CBM 215 Extra"]
[Source "ChessBase"]
[SourceDate "2023.09.30"]
[SourceVersion "1"]
[SourceVersionDate "2023.09.30"]
[SourceQuality "1"]

1. e4 d5 2. exd5 Qxd5 3. Nc3 Qd8 4. d4 Nf6 5. Nf3 Bg4 6. Be2 e6 7. 0-0 c6 8. Bg5 Be7 9. h3 Bf5 10. Bd3 Bxd3 11. Qxd3 Nbd7 12. Rad1 0-0 13. Rfe1 Re8 14. a3 a5 15. Ne5 Qb6 16. Nxd7 Nxd7 17. Bxe7 Rxe7 18. d5 Nc5 19. Qe3 Rae8 20. dxc6 Qxc6 21. Rd2 Rd8 1-0

[Event "Prague Golden rap op 15th"]
[Site "Prague"]
[Date "2019.06.30"]
[Round "1"]
[White "Rezny, Frantisek"]
[Black "Soural, Jan"]
[Result "0-1"]
[WhiteElo "1513"]
[BlackElo "2196"]
[PlyCount "56"]
[EventDate "2019.06.30"]
[EventType "swiss (rapid)"]
[EventRounds "7"]
[EventCountry "CZE"]
[SourceTitle "CBM 191 Extra"]
[Source "ChessBase"]
[SourceDate "2019.09.30"]
[SourceVersion "1"]
[SourceVersionDate "2019.09.30"]
[SourceQuality "1"]

1. e4 e6 2. d4 d5 3. e5 c5 4. c3 Nc6 5. Nf3 Bd7 6. Bb5 Nxe5 7. Nxe5 Bxb5 8. Na3 Bd7 9. 0-0 Nf6 10. Bg5 Be7 11. dxc5 Bxc5 12. c4 Bc6 13. Rc1 Be7 14. cxd5 Qxd5 15. Nxc6 bxc6 16. Bxf6 Bxf6 17. Qa4 0-0 18. b3 c5 19. Rfd1 Bd4 20. Nc2 Rfd8 21. Nxd4 cxd4 22. Rc4 e5 23. f4 d3 24. fxe5 Qxe5 25. Re4 Qc5+ 26. Kh1 d2 27. Rc4 Qh5 28. b4 Qe2 0-1

[Event "Plzen op 10th"]
[Site "Plzen"]
[Date "2018.11.20"]
[Round "3"]
[White "Held, Martin"]
[Black "Rezny, Frantisek"]
[Result "1-0"]
[WhiteElo "1848"]
[BlackElo "1526"]
[PlyCount "25"]
[EventDate "2018.11.18"]
[EventType "swiss"]
[EventRounds "9"]
[EventCountry "CZE"]
[SourceTitle "CBM 189 Extra"]
[Source "ChessBase"]
[SourceDate "2019.06.03"]
[SourceVersion "1"]
[SourceVersionDate "2019.06.03"]
[SourceQuality "1"]

1. e4 e5 2. Nf3 Nc6 3. Nc3 Bc5 4. Nxe5 Bxf2+ 5. Kxf2 Nxe5 6. d4 Nc6 7. Nd5 Nge7 8. Bg5 0-0 9. Nf6+ gxf6 10. Bxf6 d6 11. Qh5 Ng6 12. Bxd8 Rxd8 13. c3 1-0

[Event "Brno op 6th"]
[Site "Brno"]
[Date "2015.11.17"]
[Round "4"]
[White "Glacner, Karel"]
[Black "Rezny, Frantisek"]
[Result "1-0"]
[WhiteElo "1577"]
[BlackElo "1562"]
[PlyCount "63"]
[EventDate "2015.11.14"]
[EventType "swiss"]
[EventRounds "9"]
[EventCountry "CZE"]
[SourceTitle "CBM 169 Extra"]
[Source "ChessBase"]
[SourceDate "2015.12.18"]
[SourceVersion "1"]
[SourceVersionDate "2015.12.18"]
[SourceQuality "1"]

1. e4 e5 2. d4 exd4 3. c3 d5 4. Qxd4 Nc6 5. Qxd5 Be6 6. Qxd8+ Rxd8 7. Bb5 Bd7 8. Nf3 a6 9. Bc4 b5 10. Bb3 Na5 11. Bf4 Nxb3 12. axb3 Bc8 13. Bxc7 Rd7 14. Bb6 Bd6 15. 0-0 Bf4 16. Bd4 f6 17. b4 Bb7 18. Nbd2 Ne7 19. Rfe1 0-0 20. Nb3 Bd6 21. Bc5 Rfd8 22. Nfd4 Kf7 23. Bb6 Re8 24. Nc5 Bxc5 25. Bxc5 Ng6 26. f3 Nf4 27. Rad1 Re5 28. h4 g5 29. g3 Nh5 30. Nf5 Rxd1 31. Rxd1 Bc8 32. Nd6+ 1-0

[Event "Brno op 6th"]
[Site "Brno"]
[Date "2015.11.14"]
[Round "1"]
[White "Rezny, Frantisek"]
[Black "Kopecek, Ivan"]
[Result "0-1"]
[WhiteElo "1562"]
[BlackElo "1949"]
[PlyCount "112"]
[EventDate "2015.11.14"]
[EventType "swiss"]
[EventRounds "9"]
[EventCountry "CZE"]
[SourceTitle "CBM 169 Extra"]
[Source "ChessBase"]
[SourceDate "2015.12.18"]
[SourceVersion "1"]
[SourceVersionDate "2015.12.18"]
[SourceQuality "1"]

1. e4 e5 2. Nf3 Nc6 3. Bc4 Nf6 4. Ng5 d5 5. exd5 Na5 6. Bb5+ c6 7. dxc6 bxc6 8. Ba4 h6 9. Nf3 e4 10. Qe2 Bd6 11. d3 0-0 12. dxe4 Nxe4 13. 0-0 Re8 14. Be3 Bg4 15. h3 Bh5 16. Rd1 Qc7 17. Nbd2 Nc5 18. Bb3 Naxb3 19. axb3 Bf4 20. Qc4 Bxe3 21. fxe3 Qb6 22. b4 Ne4 23. Qd4 c5 24. bxc5 Nxc5 25. b4 Nb7 26. Qxb6 axb6 27. Rxa8 Rxa8 28. b5 Rc8 29. Rc1 Bg6 30. c4 f6 31. Kf2 Nc5 32. Ne1 Kf7 33. Ra1 Rc7 34. Kf3 Rd7 35. Ke2 Ke7 36. Ra8 Kd6 37. Ra3 Ke7 38. Rc3 h5 39. Nb3 Ne4 40. Rd3 Ng3+ 41. Kd2 Bxd3 42. Nxd3 Ne4+ 43. Kc2 g5 44. Nd4 h4 45. Nb4 Kd6 46. Kd3 Nc5+ 47. Kc3 Ra7 48. Nf5+ Kd7 49. Nd5 Ra2 50. Nxb6+ Kd8 51. Nd5 Rxg2 52. Kd4 Ne6+ 53. Ke4 g4 54. Nxf6 gxh3 55. Nxh4 h2 56. Nxg2 h1Q 0-1

[Event "Brno Duras op-A"]
[Site "Brno"]
[Date "2011.07.02"]
[Round "9"]
[White "Zeman, Radek"]
[Black "Rezny, Frantisek"]
[Result "1-0"]
[WhiteElo "1702"]
[BlackElo "1632"]
[PlyCount "51"]
[EventDate "2011.06.25"]
[EventType "swiss"]
[EventRounds "9"]
[EventCountry "CZE"]
[SourceTitle "CBM 143 Extra"]
[Source "ChessBase"]
[SourceDate "2011.08.29"]
[SourceVersion "1"]
[SourceVersionDate "2011.08.29"]
[SourceQuality "1"]

1. e4 d6 2. d4 g6 3. Nf3 Bg7 4. Nc3 Bg4 5. Bc4 e6 6. Be3 Ne7 7. h3 Bxf3 8. Qxf3 Nd7 9. 0-0-0 0-0 10. g4 c6 11. h4 Qc7 12. Bf4 e5 13. Be3 exd4 14. Bxd4 Bxd4 15. Rxd4 Ne5 16. Qf4 Nxc4 17. Rxc4 Rac8 18. Nb5 Qa5 19. Nxd6 Qxa2 20. Rh2 Rcd8 21. e5 Nc8 22. b3 Rd7 23. Ra4 Qxa4 24. Qxa4 Nxd6 25. exd6 Rxd6 26. Qxa7 1-0

[Event "Brno Duras op-A"]
[Site "Brno"]
[Date "2011.06.26"]
[Round "2"]
[White "Strnad, Ondrej"]
[Black "Rezny, Frantisek"]
[Result "1-0"]
[WhiteElo "1799"]
[BlackElo "1632"]
[PlyCount "65"]
[EventDate "2011.06.25"]
[EventType "swiss"]
[EventRounds "9"]
[EventCountry "CZE"]
[SourceTitle "CBM 143 Extra"]
[Source "ChessBase"]
[SourceDate "2011.08.29"]
[SourceVersion "1"]
[SourceVersionDate "2011.08.29"]
[SourceQuality "1"]

1. d4 Nf6 2. c4 e6 3. Nf3 c5 4. Nc3 cxd4 5. Nxd4 Be7 6. Bg5 Qa5 7. Bxf6 Bxf6 8. e3 0-0 9. Qd2 Nc6 10. Ncb5 Qxd2+ 11. Kxd2 a6 12. Nxc6 dxc6 13. Nc3 Bd7 14. Rd1 b5 15. Kc2 Rfd8 16. Ne4 Be7 17. c5 Be8 18. Be2 f6 19. Nd6 Bg6+ 20. Kc3 e5 21. Bf3 Bxd6 22. Rxd6 Rxd6 23. cxd6 e4 24. Be2 Bf7 25. Rd1 Bd5 26. f3 f5 27. Kb4 Kf7 28. fxe4 fxe4 29. Rf1+ Ke6 30. Kc5 Rd8 31. Bg4+ Ke5 32. Rf5+ Ke6 33. Rf8+ 1-0

[Event "Brno Duras op-A"]
[Site "Brno"]
[Date "2011.06.25"]
[Round "1"]
[White "Rezny, Frantisek"]
[Black "Hofirek, Benedikt"]
[Result "0-1"]
[WhiteElo "1632"]
[BlackElo "1980"]
[PlyCount "80"]
[EventDate "2011.06.25"]
[EventType "swiss"]
[EventRounds "9"]
[EventCountry "CZE"]
[SourceTitle "CBM 143 Extra"]
[Source "ChessBase"]
[SourceDate "2011.08.29"]
[SourceVersion "1"]
[SourceVersionDate "2011.08.29"]
[SourceQuality "1"]

1. e4 d6 2. d4 Nf6 3. Nc3 g6 4. Bc4 Bg7 5. Bg5 c6 6. h3 Nbd7 7. f4 b5 8. Bb3 b4 9. e5 bxc3 10. exf6 Nxf6 11. Bxf6 Bxf6 12. bxc3 Bh4+ 13. Kd2 0-0 14. Qf3 Qc7 15. Ne2 Bb7 16. Qg4 Bf6 17. h4 h5 18. Qf3 c5 19. d5 c4 20. Ba4 e6 21. Bc6 Bxc6 22. dxc6 Rfc8 23. g4 Qxc6 24. Qg3 Qd5+ 25. Ke3 hxg4 26. Qxg4 Qf5 27. Qxf5 gxf5 28. Nd4 a6 29. h5 Kh7 30. Rab1 Rab8 31. Rb4 Rxb4 32. cxb4 Rg8 33. Ne2 Kh6 34. a3 d5 35. Rh3 a5 36. c3 axb4 37. axb4 Ra8 38. Kd2 Ra2+ 39. Kd1 Ra3 40. Kc2 d4 0-1

[Event "Tabor op"]
[Site "Tabor"]
[Date "2010.08.01"]
[Round "1"]
[White "Horn, Stefan"]
[Black "Rezny, Frantisek"]
[Result "1-0"]
[WhiteElo "2072"]
[BlackElo "1661"]
[PlyCount "93"]
[EventDate "2010.08.01"]
[EventType "swiss"]
[EventRounds "9"]
[EventCountry "CZE"]
[SourceTitle "EXT 2012"]
[Source "ChessBase"]
[SourceDate "2011.11.24"]
[SourceVersion "1"]
[SourceVersionDate "2011.11.24"]
[SourceQuality "1"]

1. e4 d5 2. exd5 Nf6 3. c4 c6 4. dxc6 Nxc6 5. Nc3 e5 6. d3 Bc5 7. Be3 Nd4 8. Nge2 0-0 9. a3 a5 10. Ne4 Nxe4 11. dxe4 Bg4 12. Qd2 Qb6 13. Bxd4 exd4 14. f3 Be6 15. Nf4 Bd7 16. Bd3 Rae8 17. Kf1 Qc7 18. h4 Bd6 19. Nd5 Qd8 20. Rc1 b6 21. Qf2 Bc5 22. Qg3 f5 23. exf5 Bxf5 24. Bxf5 Rxf5 25. Re1 Rff8 26. h5 Rxe1+ 27. Kxe1 Qe8+ 28. Kd2 h6 29. Qg4 Qf7 30. Qg6 Qd7 31. Re1 b5 32. Qd3 b4 33. axb4 axb4 34. Qg6 Kh8 35. Re4 b3 36. Kd3 Qf5 37. Qxf5 Rxf5 38. Nf4 Bd6 39. Ng6+ Kg8 40. Rxd4 Bb4 41. Rd5 Rf6 42. Rb5 Rd6+ 43. Ke4 Re6+ 44. Kd5 Rd6+ 45. Ke5 Rd2 46. Rxb4 Rxb2 47. Rb8+ 1-0

[Event "Pardubice KV op"]
[Site "Pardubice"]
[Date "2010.??.??"]
[Round "2"]
[White "Kosek, Lubomir"]
[Black "Rezny, Frantisek"]
[Result "1/2-1/2"]
[WhiteElo "1835"]
[BlackElo "1680"]
[PlyCount "50"]
[EventDate "2010.07.??"]
[EventType "swiss"]
[EventRounds "7"]
[EventCountry "CZE"]
[SourceTitle "EXT 2012"]
[Source "ChessBase"]
[SourceDate "2011.11.24"]
[SourceVersion "1"]
[SourceVersionDate "2011.11.24"]
[SourceQuality "1"]

1. e4 c5 2. Nf3 Nc6 3. d4 cxd4 4. Nxd4 e5 5. Nxc6 bxc6 6. Bc4 Nf6 7. Qe2 Be7 8. 0-0 0-0 9. Nc3 Bb7 10. Bg5 Qc7 11. Rad1 Rad8 12. Bb3 Rfe8 13. Qc4 Rf8 14. Bxf6 Bxf6 15. Nd5 Qd6 16. Ne3 Qb8 17. Nf5 d5 18. exd5 cxd5 19. Qg4 g6 20. Ng3 e4 21. c3 Bc8 22. Qe2 Bb7 23. Qd2 d4 24. cxd4 Rxd4 25. Qe2 Rxd1 1/2-1/2

[Event "Pardubice KV op"]
[Site "Pardubice"]
[Date "2010.??.??"]
[Round "5"]
[White "Rezny, Frantisek"]
[Black "Martan, Petr"]
[Result "0-1"]
[WhiteElo "1680"]
[BlackElo "1571"]
[PlyCount "52"]
[EventDate "2010.07.??"]
[EventType "swiss"]
[EventRounds "7"]
[EventCountry "CZE"]
[SourceTitle "EXT 2012"]
[Source "ChessBase"]
[SourceDate "2011.11.24"]
[SourceVersion "1"]
[SourceVersionDate "2011.11.24"]
[SourceQuality "1"]

1. e4 c5 2. Nf3 Nc6 3. d4 cxd4 4. Nxd4 g6 5. Bc4 Bg7 6. Nxc6 bxc6 7. 0-0 e6 8. c3 Ne7 9. Bg5 0-0 10. Nd2 d5 11. exd5 cxd5 12. Bb3 Qc7 13. f4 Nf5 14. Qe1 Ba6 15. Rf3 Qc5+ 16. Kh1 h6 17. Bh4 Bb7 18. Bf2 d4 19. cxd4 Bxd4 20. Bxd4 Nxd4 21. Rc1 Nxf3 22. Nxf3 Qf5 23. Nd4 Qxf4 24. Nxe6 fxe6 25. Bxe6+ Kh7 26. h3 Rae8 0-1

[Event "Kesarovski Georgiev Memorial 8th"]
[Site "Sunny Beach"]
[Date "2009.09.07"]
[Round "1"]
[White "Rezny, Frantisek"]
[Black "Persson, Mats"]
[Result "0-1"]
[WhiteElo "1679"]
[BlackElo "2198"]
[PlyCount "63"]
[EventDate "2009.09.07"]
[EventType "swiss"]
[EventRounds "9"]
[EventCountry "BUL"]
[SourceTitle "CBM 132 Extra"]
[Source "ChessBase"]
[SourceDate "2009.11.03"]
[SourceVersion "1"]
[SourceVersionDate "2009.11.03"]
[SourceQuality "1"]

1. e4 d6 2. d4 e5 3. dxe5 dxe5 4. Qxd8+ Kxd8 5. Bc4 f6 6. Ne2 Nd7 7. 0-0 c6 8. a4 a5 9. Be3 Bc5 10. Bxc5 Nxc5 11. f3 Ne7 12. Rd1+ Kc7 13. Nd2 Rd8 14. Nb3 Rxd1+ 15. Rxd1 Nxa4 16. Rb1 b5 17. Bd3 Be6 18. Nec1 Kb6 19. Kf1 c5 20. Be2 c4 21. Na1 b4 22. b3 Nc3 23. Rb2 Nxe2 24. Nxe2 c3 25. Rb1 Rd8 26. Ke1 Nc6 27. Rd1 Rxd1+ 28. Kxd1 Bc8 29. h4 Ba6 30. Ke1 Bxe2 31. Kxe2 Kc5 32. Ke3 0-1

[Event "Brno Duras op-A"]
[Site "Brno"]
[Date "2009.06.30"]
[Round "5"]
[White "Zikan, Karel"]
[Black "Rezny, Frantisek"]
[Result "0-1"]
[WhiteElo "1816"]
[BlackElo "1665"]
[PlyCount "88"]
[EventDate "2009.06.26"]
[EventType "swiss"]
[EventRounds "9"]
[EventCountry "CZE"]
[SourceTitle "CBM 131 Extra"]
[Source "ChessBase"]
[SourceDate "2009.09.03"]
[SourceVersion "2"]
[SourceVersionDate "2009.09.16"]
[SourceQuality "1"]

1. c4 e5 2. Nc3 Nf6 3. Nf3 Nc6 4. g3 d5 5. cxd5 Nxd5 6. d3 Bc5 7. Bg2 Nxc3 8. bxc3 e4 9. dxe4 Qxd1+ 10. Kxd1 0-0 11. e3 Re8 12. Nd4 Ne5 13. Ke2 Bd7 14. Rd1 Ba4 15. Nb3 Bb6 16. Kf1 c5 17. Rd2 Nc4 18. Rd1 Na5 19. Rd5 Nxb3 20. axb3 Bxb3 21. Rd7 Rad8 22. Rxb7 Rd3 23. Bb2 Red8 24. Bf3 Bc4 25. Kg2 Rd2 26. Ba3 Be6 27. e5 g6 28. h4 c4 29. Kf1 Rc2 30. Rc1 Ra2 31. Be7 Rc8 32. Rd1 Bc5 33. Bxc5 Rxc5 34. Rd8+ Kg7 35. g4 Rxe5 36. Rbb8 g5 37. hxg5 Rxg5 38. Rd4 Rc2 39. Rb7 a5 40. Re4 Kh6 41. Be2 Rxc3 42. f4 Rc5 43. f5 Bd5 44. Rd4 Bxb7 0-1

[Event "Brno Duras op-A"]
[Site "Brno"]
[Date "2009.06.28"]
[Round "3"]
[White "Docekalova, Alexandra"]
[Black "Rezny, Frantisek"]
[Result "0-1"]
[WhiteElo "1714"]
[BlackElo "1665"]
[PlyCount "126"]
[EventDate "2009.06.26"]
[EventType "swiss"]
[EventRounds "9"]
[EventCountry "CZE"]
[SourceTitle "CBM 131 Extra"]
[Source "ChessBase"]
[SourceDate "2009.09.03"]
[SourceVersion "2"]
[SourceVersionDate "2009.09.16"]
[SourceQuality "1"]

1. e3 e5 2. c4 Nf6 3. Nc3 Nc6 4. d4 exd4 5. exd4 d5 6. c5 Be7 7. Nf3 0-0 8. Be2 b6 9. cxb6 axb6 10. 0-0 Bf5 11. Bf4 Nh5 12. Ne5 Nxf4 13. Nxc6 Qd6 14. Nxe7+ Qxe7 15. Bf3 c6 16. Qd2 Qg5 17. Rad1 Bh3 18. Ne2 Nxe2+ 19. Qxe2 Rxa2 20. Rc1 Bd7 21. Qc2 Qf6 22. Qb3 Raa8 23. Qxb6 Rab8 24. Qc7 Rfd8 25. Rc2 Qxd4 26. Rd1 Qa4 27. Rcd2 Rbc8 28. Qe5 Re8 29. Qc3 Rb8 30. h3 Bxh3 31. Bxd5 cxd5 32. Qxh3 Rxb2 33. Rxd5 Rbe2 34. Rd8 Qe4 35. Qd7 Kf8 36. Qd6+ Qe7 37. Qxe7+ R2xe7 38. R8d2 Re1+ 39. Rxe1 Rxe1+ 40. Kh2 g5 41. Kg3 Kg7 42. Kg4 Kg6 43. Rd6+ f6 44. Rd8 h5+ 45. Kg3 Kf5 46. Rd5+ Re5 47. Rd3 h4+ 48. Kh3 Re2 49. Rf3+ Kg6 50. g3 f5 51. Rc3 Rxf2 52. gxh4 g4+ 53. Kg3 Rf1 54. Kg2 Re1 55. Rc6+ Kh5 56. Kg3 Re4 57. Rc5 Re3+ 58. Kg2 Rf3 59. Rc8 Kxh4 60. Rh8+ Kg5 61. Rg8+ Kf4 62. Re8 Re3 63. Rd8 Re2+ 0-1

[Event "Brno Duras op-A"]
[Site "Brno"]
[Date "2009.06.27"]
[Round "2"]
[White "Rezny, Frantisek"]
[Black "Balkova, Anna"]
[Result "0-1"]
[WhiteElo "1665"]
[BlackElo "1866"]
[PlyCount "56"]
[EventDate "2009.06.26"]
[EventType "swiss"]
[EventRounds "9"]
[EventCountry "CZE"]
[SourceTitle "CBM 131 Extra"]
[Source "ChessBase"]
[SourceDate "2009.09.03"]
[SourceVersion "2"]
[SourceVersionDate "2009.09.16"]
[SourceQuality "1"]

1. e4 c5 2. b4 cxb4 3. a3 e6 4. Bc4 Nc6 5. Nf3 Na5 6. Ba2 b6 7. 0-0 Bb7 8. Re1 Nf6 9. e5 Nd5 10. axb4 Nxb4 11. Ba3 Bxf3 12. gxf3 Nxa2 13. Bxf8 Rxf8 14. Rxa2 f6 15. f4 g6 16. Ra3 fxe5 17. fxe5 Qg5+ 18. Rg3 Qf5 19. Qe2 Rc8 20. d3 Nc6 21. c3 Ne7 22. Nd2 Nd5 23. Nc4 Rxc4 24. dxc4 Nf4 25. Qd2 Nh3+ 26. Kg2 Nxf2 27. Rf1 Qe4+ 28. Kg1 Qh1# 0-1